Survivor Tocantins Castaways By Tribe - Statistics

General Stats
  • This quiz has been taken 68 times
  • The average score is 16 of 17
Answer Stats
Hint Answer % Correct
Carolina's Tribe Jalapao
100%
Sandy's Tribe Jalapao
98%
Spencer's Tribe Jalapao
98%
Sydney's Tribe Jalapao
98%
Joe's Tribe Jalapao
98%
Stephen's Tribe Jalapao
98%
JT's Tribe Jalapao
98%
Candace's Tribe Timbira
98%
Jerry's Tribe Timbira
98%
Taj's Tribe Jalapao
97%
Brendan's Tribe Timbira
97%
Tyson's Tribe Timbira
97%
Sierra's Tribe Timbira
97%
Debbie's Tribe Timbira
97%
Coach's Tribe Timbira
97%
Erinn's Tribe Timbira
97%
Merge Tribe Forza
73%
No matching quizzes found
Score Distribution
Percent of People with Each Score
Percentile by Number Answered
Your Score History
You have not taken this quiz